[Event "Muensterland Verbandsliga 2122"]
[Site "Germany"]
[Date "2021.10.02"]
[Round "1.7"]
[White "Bartsch, Rainer"]
[Black "Sandmann, Guenter"]
[Result "1-0"]
[WhiteElo "1722"]
[BlackElo "1216"]
[PlyCount "51"]
[EventDate "2021.10.02"]
[EventType "team-tourn"]
[EventRounds "2"]
[EventCountry "GER"]
[SourceTitle "EXT 2023"]
[Source "ChessBase"]
[SourceDate "2022.10.05"]
[SourceVersion "1"]
[SourceVersionDate "2022.10.05"]
[SourceQuality "1"]
[WhiteTeam "Saerbeck"]
[BlackTeam "Nordwalde"]
[WhiteTeamCountry "GER"]
[BlackTeamCountry "GER"]

1. d4 d5 2. e3 e6 3. Nf3 Nf6 4. Bd3 c5 5. b3 Nc6 6. 0-0 Bd6 7. Bb2 b6 8. Nbd2 0-0 9. Ne5 Qc7 10. Ndf3 Nd7 11. Nxc6 Qxc6 12. c4 Nf6 13. Ne5 Qc7 14. Rc1 Nd7 15. f4 f6 16. Nxd7 Bxd7 17. Qh5 f5 18. cxd5 g6 19. Qf3 Rae8 20. dxe6 Bxe6 21. b4 Rd8 22. bxc5 bxc5 23. d5 Bf7 24. Bc4 Be7 25. e4 Qb7 26. Qc3 1-0

[Event "Muensterland Verbandsliga 1920"]
[Site "Germany"]
[Date "2020.01.11"]
[Round "5.8"]
[White "Robers, Frank"]
[Black "Bartsch, Rainer"]
[Result "1/2-1/2"]
[WhiteElo "1644"]
[BlackElo "1696"]
[PlyCount "79"]
[EventDate "2019.09.07"]
[EventType "team-tourn"]
[EventRounds "7"]
[EventCountry "GER"]
[SourceTitle "EXT 2023"]
[Source "ChessBase"]
[SourceDate "2022.10.05"]
[SourceVersion "1"]
[SourceVersionDate "2022.10.05"]
[SourceQuality "1"]
[WhiteTeam "Gescher"]
[BlackTeam "Saerbeck"]
[WhiteTeamCountry "GER"]
[BlackTeamCountry "GER"]

1. e4 d5 2. exd5 Qxd5 3. Nc3 Qd6 4. d4 Nf6 5. Nf3 Bg4 6. Nb5 Qb6 7. Be3 Nd5 8. Nc3 e6 9. Nxd5 exd5 10. Rb1 Nd7 11. Bd3 Be7 12. a3 Nf6 13. Be2 0-0 14. 0-0 c5 15. c3 c4 16. b4 Ne4 17. Bd2 Bf5 18. Ra1 a5 19. Be1 Ra7 20. Ne5 axb4 21. axb4 Rfa8 22. Rxa7 Rxa7 23. Bg4 Qe6 24. Bxf5 Qxf5 25. f3 Nd6 26. g4 Qe6 27. f4 Ne4 28. h3 Ra3 29. Qc1 Qa6 30. Nd7 Ra1 31. Qe3 Qe6 32. Ne5 f6 33. f5 Qa6 34. Nd7 Qa4 35. Nc5 Bxc5 36. dxc5 Qd1 37. Qf4 h6 38. Qb8+ Kh7 39. Qe8 Qd3 40. Qg6+ 1/2-1/2

[Event "Muensterland Verbandsklasse 1819"]
[Site "Germany"]
[Date "2019.02.09"]
[Round "6.7"]
[White "Musholt, Joachim"]
[Black "Bartsch, Rainer"]
[Result "1/2-1/2"]
[WhiteElo "1682"]
[BlackElo "1733"]
[PlyCount "56"]
[EventDate "2018.09.15"]
[EventType "team-tourn"]
[EventRounds "9"]
[EventCountry "GER"]
[SourceTitle "EXT 2020"]
[Source "ChessBase"]
[SourceDate "2019.10.17"]
[SourceVersion "1"]
[SourceVersionDate "2019.10.17"]
[SourceQuality "1"]
[WhiteTeam "Suedlohn II"]
[BlackTeam "Saerbeck"]
[WhiteTeamCountry "GER"]
[BlackTeamCountry "GER"]

1. d4 d5 2. Nf3 c6 3. c4 e6 4. Nc3 f5 5. e3 Nf6 6. Bd3 Bd6 7. 0-0 0-0 8. Nd2 e5 9. dxe5 Bxe5 10. f4 Bc7 11. Nf3 Ne4 12. Qc2 Na6 13. a3 Nac5 14. Bxe4 dxe4 15. Rd1 Nd3 16. Ne1 Nxe1 17. Rxe1 Be6 18. b3 Qh4 19. Bb2 Rad8 20. Rad1 Rd6 21. Qf2 Qh5 22. Qe2 Qf7 23. Rxd6 Bxd6 24. Rd1 Qe7 25. b4 b6 26. Rd2 Rd8 27. Nd1 Bc7 28. Bc3 Rxd2 1/2-1/2

[Event "Muensterland Verbandsklasse 1819"]
[Site "Germany"]
[Date "2018.09.15"]
[Round "1.7"]
[White "Bartsch, Rainer"]
[Black "Radinger, Rudolf"]
[Result "1-0"]
[WhiteElo "1733"]
[BlackElo "1553"]
[PlyCount "55"]
[EventDate "2018.09.15"]
[EventType "team-tourn"]
[EventRounds "9"]
[EventCountry "GER"]
[SourceTitle "EXT 2020"]
[Source "ChessBase"]
[SourceDate "2019.10.17"]
[SourceVersion "1"]
[SourceVersionDate "2019.10.17"]
[SourceQuality "1"]
[WhiteTeam "Saerbeck"]
[BlackTeam "Beelen II"]
[WhiteTeamCountry "GER"]
[BlackTeamCountry "GER"]

1. d4 Nf6 2. Nf3 e6 3. e3 b6 4. Bd3 Bb7 5. Nbd2 c5 6. b3 Be7 7. Bb2 0-0 8. 0-0 d6 9. Qe2 Nbd7 10. c4 Qc7 11. Rad1 Rac8 12. Bb1 Rfd8 13. Ng5 Nf8 14. Nde4 Nxe4 15. Nxe4 d5 16. cxd5 exd5 17. Ng3 Ng6 18. Bf5 Ra8 19. Rc1 Bf8 20. Rfd1 Bc8 21. Bd3 a5 22. a4 Qa7 23. Qh5 Qc7 24. Nf5 Qd7 25. h3 Qe8 26. Nh4 Qe7 27. Nf3 Qe6 28. Ng5 1-0

[Event "Muensterland Verbandsklasse 1718"]
[Site "Germany"]
[Date "2018.04.07"]
[Round "8.6"]
[White "Bartsch, Rainer"]
[Black "Hols, Bernhard"]
[Result "1/2-1/2"]
[WhiteElo "1741"]
[BlackElo "1773"]
[PlyCount "80"]
[EventDate "2017.09.16"]
[EventType "team-tourn"]
[EventRounds "9"]
[EventCountry "GER"]
[SourceTitle "EXT 2019"]
[Source "ChessBase"]
[SourceDate "2018.10.10"]
[SourceVersion "1"]
[SourceVersionDate "2018.10.10"]
[SourceQuality "1"]
[WhiteTeam "Saerbeck"]
[BlackTeam "Nordwalde"]
[WhiteTeamCountry "GER"]
[BlackTeamCountry "GER"]

1. e4 c5 2. Nf3 d6 3. Bb5+ Nc6 4. 0-0 Bd7 5. c3 Qb6 6. Na3 e6 7. Re1 a6 8. Ba4 Qc7 9. d4 b5 10. Bc2 Na5 11. Bf4 c4 12. Nb1 Ne7 13. Nbd2 Ng6 14. Bg3 Be7 15. e5 d5 16. Nf1 Nc6 17. Ne3 Qd8 18. Rf1 b4 19. Nd2 bxc3 20. bxc3 Qa5 21. Bxg6 hxg6 22. Qc2 0-0 23. Rfb1 Rab8 24. Rxb8 Rxb8 25. Rb1 Rb5 26. f4 Qa3 27. Kf2 Qa5 28. Nd1 Na7 29. Ke2 Bd8 30. Be1 Qb6 31. Nb2 Qb8 32. Nd1 Rb7 33. Rxb7 Qxb7 34. Qb2 Qb5 35. Nb1 Be7 36. Bd2 Kh7 37. g3 f5 38. Kf3 Kh6 39. g4 Kh7 40. g5 Kg8 1/2-1/2

[Event "Muensterland Verbandsklasse 1718"]
[Site "Germany"]
[Date "2017.11.25"]
[Round "3.7"]
[White "Engfer, Klaus"]
[Black "Bartsch, Rainer"]
[Result "1-0"]
[WhiteElo "1597"]
[BlackElo "1741"]
[PlyCount "101"]
[EventDate "2017.09.16"]
[EventType "team-tourn"]
[EventRounds "9"]
[EventCountry "GER"]
[SourceTitle "EXT 2019"]
[Source "ChessBase"]
[SourceDate "2018.10.10"]
[SourceVersion "1"]
[SourceVersionDate "2018.10.10"]
[SourceQuality "1"]
[WhiteTeam "Rheine Klein Berlin II"]
[BlackTeam "Saerbeck"]
[WhiteTeamCountry "GER"]
[BlackTeamCountry "GER"]

1. e4 d5 2. exd5 Qxd5 3. Nf3 Nc6 4. Nc3 Qa5 5. d4 Bg4 6. Be2 Nf6 7. 0-0 e6 8. Bd2 Qf5 9. h3 Bxf3 10. Bxf3 Nxd4 11. Bxb7 Rb8 12. Be3 Rxb7 13. Qxd4 Bd6 14. Qa4+ Ke7 15. Ne2 Qe5 16. g3 c5 17. b3 Rd8 18. Rfe1 Qf5 19. h4 Qh3 20. Qc6 Rbd7 21. Bxc5 Bxc5 22. Qxc5+ Ke8 23. Nf4 Qg4 24. Qc6 Ke7 25. Qc5+ Ke8 26. Nd3 Ne4 27. Qc6 Nxf2 28. Kxf2 Qd4+ 29. Kg2 Kf8 30. Qe4 Qc3 31. Qb4+ Qxb4 32. Nxb4 Rd2+ 33. Kf3 a5 34. Nc6 Rc8 35. Nxa5 Rc3+ 36. Re3 Rcxc2 37. Nc4 Rf2+ 38. Ke4 Ke7 39. a4 Kd7 40. Rd3+ Kc7 41. a5 Rfe2+ 42. Kd4 f5 43. Rc3 e5+ 44. Kd3 Rxc3+ 45. Kxc3 Kb7 46. b4 f4 47. gxf4 exf4 48. Rf1 Re7 49. Rxf4 Kc6 50. Rd4 h6 51. Rd6+ 1-0

[Event "Muensterland Verbandsliga 1617"]
[Site "Germany"]
[Date "2016.11.05"]
[Round "3.7"]
[White "Rickert, Berthold"]
[Black "Bartsch, Rainer"]
[Result "1/2-1/2"]
[WhiteElo "1743"]
[BlackElo "1805"]
[PlyCount "83"]
[EventDate "2016.09.10"]
[EventType "team"]
[EventRounds "9"]
[EventCountry "GER"]
[SourceTitle "EXT 2018"]
[Source "ChessBase"]
[SourceDate "2017.10.13"]
[SourceVersion "1"]
[SourceVersionDate "2017.10.13"]
[SourceQuality "1"]
[WhiteTeam "Borken"]
[BlackTeam "Saerbeck"]
[WhiteTeamCountry "GER"]
[BlackTeamCountry "GER"]

1. c4 f5 2. Nc3 Nf6 3. d4 e6 4. g3 d5 5. cxd5 exd5 6. Bg2 c6 7. Nf3 Ne4 8. a3 Nd7 9. 0-0 Bd6 10. Nd2 Ndf6 11. f3 Nxg3 12. hxg3 Bxg3 13. f4 Ng4 14. Nf3 Qd6 15. Qd3 Qh6 16. Bd2 Bh2+ 17. Kh1 Bg3+ 18. Kg1 Bh2+ 19. Kh1 Bxf4+ 20. Kg1 Bh2+ 21. Kh1 Bf4+ 22. Kg1 Bxd2 23. Qxd2 f4 24. Nd1 0-0 25. Re1 Ne3 26. Nxe3 fxe3 27. Qc3 Bf5 28. Ne5 Bh3 29. Rf1 Bxg2 30. Kxg2 Qg5+ 31. Kh3 Qh5+ 32. Kg3 Qg5+ 33. Kh3 Rf4 34. Rxf4 Qxf4 35. Qe1 Qxd4 36. Qg3 Re8 37. Ng4 Rf8 38. Nh6+ Kh8 39. Rf1 Qc5 40. Nf7+ Kg8 41. Nh6+ Kh8 42. Nf7+ 1/2-1/2

[Event "Muensterland Verbandsliga 1617"]
[Site "Germany"]
[Date "2016.10.01"]
[Round "2.8"]
[White "Hofene, Markus"]
[Black "Bartsch, Rainer"]
[Result "0-1"]
[WhiteElo "1646"]
[BlackElo "1805"]
[PlyCount "88"]
[EventDate "2016.09.10"]
[EventType "team"]
[EventRounds "9"]
[EventCountry "GER"]
[SourceTitle "EXT 2018"]
[Source "ChessBase"]
[SourceDate "2017.10.13"]
[SourceVersion "1"]
[SourceVersionDate "2017.10.13"]
[SourceQuality "1"]
[WhiteTeam "Beelen"]
[BlackTeam "Saerbeck"]
[WhiteTeamCountry "GER"]
[BlackTeamCountry "GER"]

1. e4 d5 2. exd5 Nf6 3. d4 Nxd5 4. c4 Nb6 5. Be3 e5 6. Nc3 exd4 7. Qxd4 Qxd4 8. Bxd4 c5 9. Be3 Bd7 10. Rd1 Bc6 11. Nd5 Na6 12. Nh3 Rd8 13. Nhf4 Bd6 14. Nxb6 Bxf4 15. Nd5 Bxe3 16. fxe3 Nb4 17. Nc3 Rxd1+ 18. Kxd1 Ke7 19. a3 Rd8+ 20. Ke2 Nd3 21. e4 Nxb2 22. Nd5+ Bxd5 23. cxd5 Nc4 24. a4 f5 25. Kf2 Nb2 26. Kf3 Nxa4 27. Bc4 fxe4+ 28. Ke3 Nc3 29. Rc1 Nxd5+ 30. Kxe4 Nf6+ 31. Kf3 b6 32. Re1+ Kf8 33. Bb5 Rd6 34. h3 Rd4 35. Ra1 Rb4 36. Bc6 a5 37. g4 g5 38. Re1 Rf4+ 39. Kg3 h6 40. Bf3 Kf7 41. h4 Rb4 42. hxg5 hxg5 43. Re5 Rb3 44. Rxg5 Ne4+ 0-1

[Event "Muensterland Verbandsliga 1516"]
[Site "Germany"]
[Date "2016.02.13"]
[Round "6.7"]
[White "Bartsch, Rainer"]
[Black "Kamp, Adrian"]
[Result "1-0"]
[WhiteElo "1787"]
[BlackElo "1573"]
[PlyCount "69"]
[EventDate "2015.09.12"]
[EventType "team"]
[EventRounds "9"]
[EventCountry "GER"]
[SourceTitle "EXT 2017"]
[Source "ChessBase"]
[SourceDate "2016.10.25"]
[SourceVersion "1"]
[SourceVersionDate "2016.10.25"]
[SourceQuality "1"]
[WhiteTeam "Saerbeck"]
[BlackTeam "Muenster SK V"]
[WhiteTeamCountry "GER"]
[BlackTeamCountry "GER"]

1. d4 d5 2. Nf3 Nf6 3. e3 Bf5 4. Bd3 Bxd3 5. Qxd3 c6 6. Nbd2 e6 7. b3 Nbd7 8. Bb2 Bd6 9. c4 0-0 10. Ne5 Bxe5 11. dxe5 dxc4 12. Qxc4 Nd5 13. 0-0 N7b6 14. Qg4 Nxe3 15. fxe3 Qxd2 16. Bc1 Qc3 17. Ba3 Qxe3+ 18. Kh1 Rfd8 19. Bd6 Nd5 20. Rf3 Qh6 21. Raf1 Ne3 22. Qe4 Nxf1 23. Rxf1 Qg6 24. Qb4 b6 25. h3 c5 26. Qa4 a6 27. Qc6 f6 28. exf6 gxf6 29. Be7 Re8 30. Rxf6 Qg7 31. Qxe6+ Kh8 32. Rf7 Qg6 33. Bf6+ Kg8 34. Rg7+ Kf8 35. Qg8# 1-0

[Event "Muensterland Verbandsliga 1516"]
[Site "Germany"]
[Date "2015.12.12"]
[Round "4.7"]
[White "Tepasse, Wilhelm"]
[Black "Bartsch, Rainer"]
[Result "1/2-1/2"]
[WhiteElo "1792"]
[BlackElo "1787"]
[PlyCount "91"]
[EventDate "2015.09.12"]
[EventType "team"]
[EventRounds "9"]
[EventCountry "GER"]
[SourceTitle "EXT 2017"]
[Source "ChessBase"]
[SourceDate "2016.10.25"]
[SourceVersion "1"]
[SourceVersionDate "2016.10.25"]
[SourceQuality "1"]
[WhiteTeam "Bocholt"]
[BlackTeam "Saerbeck"]
[WhiteTeamCountry "GER"]
[BlackTeamCountry "GER"]

1. c4 e5 2. Nc3 Nf6 3. Nf3 Nc6 4. d3 b6 5. g3 Bb7 6. Bg2 d6 7. 0-0 h6 8. Nd2 Qd7 9. b4 Be7 10. Bb2 0-0 11. a4 Rab8 12. b5 Na5 13. e4 c5 14. Nd5 Nxd5 15. exd5 Bc8 16. Bc3 Nb7 17. Qe2 f5 18. f4 exf4 19. gxf4 Bf6 20. Bxf6 Rxf6 21. Rae1 Qf7 22. Qe8+ Qxe8 23. Rxe8+ Rf8 24. Re7 Rf7 25. Re8+ Rf8 26. Rfe1 Bd7 27. Rxb8 Rxb8 28. Bh3 Kf7 29. Kf2 Re8 30. Rg1 Rg8 31. Nb3 g5 32. Ra1 g4 33. Bf1 Na5 34. Nd2 Re8 35. Rb1 h5 36. Nb3 Nxb3 37. Rxb3 Rb8 38. Ra3 h4 39. a5 Ke7 40. axb6 axb6 41. Ra7 Kd8 42. Ke3 Kc8 43. d4 Rb7 44. Ra6 h3 45. Ra8+ Rb8 46. Rxb8+ 1/2-1/2

[Event "Muensterland Verbandsliga 1516"]
[Site "Germany"]
[Date "2015.11.21"]
[Round "3.6"]
[White "Henke, Wolfgang"]
[Black "Bartsch, Rainer"]
[Result "1/2-1/2"]
[WhiteElo "1748"]
[BlackElo "1787"]
[PlyCount "38"]
[EventDate "2015.09.12"]
[EventType "team"]
[EventRounds "9"]
[EventCountry "GER"]
[SourceTitle "EXT 2017"]
[Source "ChessBase"]
[SourceDate "2016.10.25"]
[SourceVersion "1"]
[SourceVersionDate "2016.10.25"]
[SourceQuality "1"]
[WhiteTeam "Beelen"]
[BlackTeam "Saerbeck"]
[WhiteTeamCountry "GER"]
[BlackTeamCountry "GER"]

1. e4 d6 2. d4 g6 3. Nc3 Bg7 4. Be2 c6 5. Nf3 Bg4 6. 0-0 Nd7 7. Be3 Ngf6 8. e5 Ng8 9. exd6 exd6 10. Re1 Ne7 11. Bf4 Nf6 12. h3 Bxf3 13. Bxf3 0-0 14. Qd2 Re8 15. Bg5 d5 16. Re2 Nf5 17. Rxe8+ Qxe8 18. Re1 Qf8 19. Qf4 Qd6 1/2-1/2

[Event "Muensterland Verbandsliga 1516"]
[Site "Germany"]
[Date "2015.10.24"]
[Round "2.6"]
[White "Bartsch, Rainer"]
[Black "Engelkamp, Stephan"]
[Result "1-0"]
[WhiteElo "1787"]
[BlackElo "1886"]
[PlyCount "101"]
[EventDate "2015.09.12"]
[EventType "team"]
[EventRounds "9"]
[EventCountry "GER"]
[SourceTitle "EXT 2017"]
[Source "ChessBase"]
[SourceDate "2016.10.25"]
[SourceVersion "1"]
[SourceVersionDate "2016.10.25"]
[SourceQuality "1"]
[WhiteTeam "Saerbeck"]
[BlackTeam "Olfen"]
[WhiteTeamCountry "GER"]
[BlackTeamCountry "GER"]

1. d4 Nf6 2. Nf3 e6 3. e3 b6 4. Nbd2 Bb7 5. Bd3 a6 6. b3 d6 7. Bb2 Nbd7 8. 0-0 c5 9. c4 Be7 10. Re1 0-0 11. Rc1 Qc7 12. e4 cxd4 13. Nxd4 Rac8 14. Bb1 Rfe8 15. Nf1 Bf8 16. Ng3 Qb8 17. Nh5 Qa8 18. Nxf6+ Nxf6 19. f3 Qa7 20. Kh1 Qb8 21. Ne2 Ba8 22. Ng3 Be7 23. e5 dxe5 24. Bxe5 Qb7 25. Qc2 h6 26. Nh5 Red8 27. Nxf6+ Bxf6 28. Bxf6 gxf6 29. Qh7+ Kf8 30. Rcd1 Ke7 31. Rxd8 Rxd8 32. Be4 Qb8 33. Bxa8 Rh8 34. Qe4 Qxa8 35. Qd4 Qd8 36. Rd1 Qxd4 37. Rxd4 e5 38. Rd5 h5 39. g3 Rd8 40. Rxd8 Kxd8 41. Kg2 f5 42. h3 b5 43. cxb5 axb5 44. a4 bxa4 45. bxa4 Kc7 46. g4 fxg4 47. fxg4 hxg4 48. h4 Kd7 49. h5 Ke7 50. a5 f5 51. a6 1-0

[Event "Muensterland Verbandsliga 1415"]
[Site "Germany"]
[Date "2014.09.27"]
[Round "2.8"]
[White "Bartsch, Rainer"]
[Black "Thiry, Franz Josef"]
[Result "1/2-1/2"]
[WhiteElo "1776"]
[BlackElo "1611"]
[PlyCount "81"]
[EventDate "2014.09.06"]
[EventType "team-tourn"]
[EventRounds "9"]
[EventCountry "GER"]
[SourceTitle "EXT 2016"]
[Source "ChessBase"]
[SourceDate "2015.10.08"]
[SourceVersion "1"]
[SourceVersionDate "2015.10.08"]
[SourceQuality "1"]
[WhiteTeam "Saerbeck"]
[BlackTeam "Muenster V"]
[WhiteTeamCountry "GER"]
[BlackTeamCountry "GER"]

1. d4 d5 2. Nf3 Nf6 3. c3 e6 4. Bg5 Nbd7 5. Nbd2 Be7 6. e3 0-0 7. Bd3 c5 8. 0-0 c4 9. Bc2 h6 10. Bh4 Nh5 11. Bxe7 Qxe7 12. e4 dxe4 13. Nxe4 Nhf6 14. Nfd2 Nxe4 15. Bxe4 Nf6 16. Bf3 Qc7 17. Qe2 Rb8 18. Nxc4 b6 19. Ne5 Bb7 20. Rfe1 Qc8 21. Rac1 Ba6 22. Qd1 Bb7 23. Qa4 Bxf3 24. Nxf3 Qb7 25. Ne5 Ra8 26. Qd1 Rad8 27. Re3 Qa8 28. Qe2 Rd5 29. Rg3 Rd6 30. Re1 Qd5 31. b3 Rfd8 32. Qe3 Kf8 33. f4 Qa8 34. Nc4 R6d7 35. Ne5 Rd6 36. Qf2 Ne4 37. Rxe4 Qxe4 38. Re3 Qb1+ 39. Re1 Qf5 40. Qh4 f6 41. g4 1/2-1/2

[Event "Muensterland Verbandsliga 1415"]
[Site "Germany"]
[Date "2014.09.06"]
[Round "1.8"]
[White "Boerding, Thomas"]
[Black "Bartsch, Rainer"]
[Result "1/2-1/2"]
[WhiteElo "1628"]
[BlackElo "1776"]
[PlyCount "103"]
[EventDate "2014.09.06"]
[EventType "team-tourn"]
[EventRounds "9"]
[EventCountry "GER"]
[SourceTitle "EXT 2016"]
[Source "ChessBase"]
[SourceDate "2015.10.08"]
[SourceVersion "1"]
[SourceVersionDate "2015.10.08"]
[SourceQuality "1"]
[WhiteTeam "Telgte"]
[BlackTeam "Saerbeck"]
[WhiteTeamCountry "GER"]
[BlackTeamCountry "GER"]

1. c4 f5 2. Nc3 Nf6 3. d4 e6 4. Nf3 Be7 5. Bf4 d6 6. h3 Ne4 7. Qb3 Nd7 8. Rd1 Ndf6 9. e3 Nxc3 10. bxc3 b6 11. Be2 Ne4 12. Bd3 Ng5 13. Nd2 Bb7 14. d5 0-0 15. h4 e5 16. Bxg5 Bxg5 17. hxg5 Qxg5 18. Rg1 e4 19. Bb1 Qh4 20. Ke2 Qg4+ 21. f3 Qg3 22. Rdf1 Rae8 23. Qd1 exf3+ 24. Rxf3 Qe5 25. Qc2 g6 26. Rgf1 Bc8 27. Ke1 Qh2 28. Kf2 f4 29. Rxf4 Rxf4+ 30. exf4 Qxf4+ 31. Kg1 Qe3+ 32. Rf2 Bf5 33. Qd1 Bg4 34. Nf3 Qxc3 35. Qd3 Qc1+ 36. Rf1 Qh6 37. Qd4 Re2 38. Qf6 Qe3+ 39. Kh1 Bxf3 40. Qxf3 Qh6+ 41. Kg1 Re7 42. Bd3 Qg7 43. Qf6 Qxf6 44. Rxf6 Re1+ 45. Kh2 Rd1 46. Bf1 Rd2 47. a3 Ra2 48. Rf3 Ra1 49. Kg1 Kg7 50. Kf2 Rc1 51. Ke2 Ra1 52. Kd2 1/2-1/2

[Event "Steinfurt Bezirksliga 1314"]
[Site "Germany"]
[Date "2014.01.25"]
[Round "5.2"]
[White "Boeckmann, Dirk"]
[Black "Bartsch, Rainer"]
[Result "1/2-1/2"]
[WhiteElo "1684"]
[BlackElo "1766"]
[PlyCount "80"]
[EventDate "2013.09.14"]
[EventType "team-tourn"]
[EventRounds "9"]
[EventCountry "GER"]
[SourceTitle "EXT 2015"]
[Source "ChessBase"]
[SourceDate "2014.11.20"]
[SourceVersion "1"]
[SourceVersionDate "2014.11.20"]
[SourceQuality "1"]
[WhiteTeam "Reckenfeld"]
[BlackTeam "Saerbeck II"]
[WhiteTeamCountry "GER"]
[BlackTeamCountry "GER"]

1. d4 d5 2. Nf3 e6 3. Bf4 c6 4. c3 Bd6 5. Bxd6 Qxd6 6. e3 Nd7 7. Nbd2 Ngf6 8. Bd3 e5 9. e4 exd4 10. Nxd4 Nc5 11. Qe2 0-0 12. Bc2 dxe4 13. Nxe4 Nfxe4 14. Bxe4 Bg4 15. Qc2 Nxe4 16. f3 Nxc3 17. Qxc3 Rfe8+ 18. Kf2 Bd7 19. Rad1 Qc7 20. Qc5 Rad8 21. Nb5 Qa5 22. Qc3 Qxb5 23. Rhe1 Be6 24. a3 Qb3 25. Qc1 Rxd1 26. Rxd1 Qc4 27. Qe3 Qh4+ 28. Kg1 Bd7 29. Qd2 h6 30. g3 Qe7 31. Qxd7 Qe3+ 32. Kg2 Qe2+ 33. Kg1 Qe3+ 34. Kg2 Qe2+ 35. Kg1 Re7 36. Qd8+ Re8 37. Qd7 Re7 38. Qd8+ Re8 39. Qd7 Qe7 40. Qd4 Qe2 1/2-1/2

[Event "Steinfurt Bezirksliga 1314"]
[Site "Germany"]
[Date "2013.12.14"]
[Round "4.2"]
[White "Bartsch, Rainer"]
[Black "Lachmuth, Mathias"]
[Result "1/2-1/2"]
[WhiteElo "1766"]
[BlackElo "1719"]
[PlyCount "47"]
[EventDate "2013.09.14"]
[EventType "team-tourn"]
[EventRounds "9"]
[EventCountry "GER"]
[SourceTitle "EXT 2015"]
[Source "ChessBase"]
[SourceDate "2014.11.20"]
[SourceVersion "1"]
[SourceVersionDate "2014.11.20"]
[SourceQuality "1"]
[WhiteTeam "Saerbeck II"]
[BlackTeam "Emsdetten Rochade II"]
[WhiteTeamCountry "GER"]
[BlackTeamCountry "GER"]

1. d4 b5 2. e4 Bb7 3. Bxb5 Bxe4 4. Nf3 e6 5. Nc3 Bb7 6. 0-0 Nf6 7. Bg5 Be7 8. Re1 0-0 9. Qe2 d6 10. Rad1 Nbd7 11. Nh4 Nd5 12. Bxe7 Qxe7 13. Nxd5 Bxd5 14. Nf3 Rab8 15. c4 Bxf3 16. Qxf3 a6 17. Bxd7 Qxd7 18. b3 a5 19. Qd3 a4 20. Rb1 axb3 21. Rxb3 Qa4 22. Reb1 Rxb3 23. Qxb3 Qxb3 24. Rxb3 1/2-1/2

[Event "Muensterland Verbandsliga 1314"]
[Site "Germany"]
[Date "2013.11.16"]
[Round "3.8"]
[White "Bartsch, Rainer"]
[Black "Meinert, Dominik"]
[Result "1-0"]
[WhiteElo "1741"]
[BlackElo "1578"]
[PlyCount "41"]
[EventDate "2013.09.07"]
[EventType "team-tourn"]
[EventRounds "9"]
[EventCountry "GER"]
[SourceTitle "EXT 2015"]
[Source "ChessBase"]
[SourceDate "2014.11.20"]
[SourceVersion "1"]
[SourceVersionDate "2014.11.20"]
[SourceQuality "1"]
[WhiteTeam "Saerbeck"]
[BlackTeam "Steinfurt"]
[WhiteTeamCountry "GER"]
[BlackTeamCountry "GER"]

1. d4 d5 2. Nf3 Bf5 3. e3 Nf6 4. Bd3 Be4 5. 0-0 e6 6. c4 c5 7. Nc3 cxd4 8. exd4 Nc6 9. Bxe4 dxe4 10. Ng5 Qxd4 11. Qb3 Bb4 12. Bf4 Qb6 13. Ncxe4 Nxe4 14. Nxe4 0-0 15. Qg3 Kh8 16. Rad1 Nd4 17. Rxd4 Qc6 18. Rfd1 Rac8 19. Be5 f6 20. Rd7 Rg8 21. Nxf6 1-0

[Event "Steinfurt Bezirksliga 1314"]
[Site "Germany"]
[Date "2013.11.09"]
[Round "3.2"]
[White "Bartsch, Rainer"]
[Black "Visschedijk, Theo"]
[Result "1/2-1/2"]
[WhiteElo "1766"]
[BlackElo "1841"]
[PlyCount "35"]
[EventDate "2013.09.14"]
[EventType "team-tourn"]
[EventRounds "9"]
[EventCountry "GER"]
[SourceTitle "EXT 2015"]
[Source "ChessBase"]
[SourceDate "2014.11.20"]
[SourceVersion "1"]
[SourceVersionDate "2014.11.20"]
[SourceQuality "1"]
[WhiteTeam "Saerbeck II"]
[BlackTeam "Emsdetten Turm III"]
[WhiteTeamCountry "GER"]
[BlackTeamCountry "GER"]

1. d4 d5 2. Nf3 Nf6 3. Bg5 e6 4. Nbd2 Be7 5. e3 0-0 6. Bd3 b6 7. 0-0 Bb7 8. Ne5 Ne4 9. Bxe7 Qxe7 10. f3 Nxd2 11. Qxd2 Nd7 12. Nxd7 Qxd7 13. e4 dxe4 14. Bxe4 Bxe4 15. fxe4 Rad8 16. Rfd1 Qc6 17. Qe2 a5 18. c3 1/2-1/2

[Event "Muensterland Verbandsklasse-B 1213"]
[Site "Germany"]
[Date "2012.11.17"]
[Round "3.8"]
[White "Schlattmann, Martin"]
[Black "Bartsch, Rainer"]
[Result "1/2-1/2"]
[WhiteElo "1796"]
[BlackElo "1728"]
[PlyCount "85"]
[EventDate "2012.09.15"]
[EventType "team-tourn"]
[EventRounds "9"]
[EventCountry "GER"]
[SourceTitle "EXT 2015"]
[Source "ChessBase"]
[SourceDate "2014.11.20"]
[SourceVersion "1"]
[SourceVersionDate "2014.11.20"]
[SourceQuality "1"]
[WhiteTeam "Stadtlohn"]
[BlackTeam "Saerbeck"]
[WhiteTeamCountry "GER"]
[BlackTeamCountry "GER"]

1. d4 d5 2. c4 e6 3. Nc3 f5 4. cxd5 exd5 5. Nf3 Nf6 6. Bg5 Be7 7. h3 c6 8. e3 Ne4 9. Bxe7 Qxe7 10. Ne5 0-0 11. Bd3 Nd7 12. Nxd7 Bxd7 13. Bxe4 fxe4 14. Qd2 Qg5 15. g3 Qh5 16. Qe2 Rf3 17. 0-0-0 Raf8 18. Rh2 Qf7 19. Rd2 Be6 20. Qe1 Qd7 21. Qh1 R8f6 22. h4 Qf7 23. Nd1 Bg4 24. Qg1 h5 25. Rc2 R3f5 26. Nc3 Rf3 27. Nd1 Qf8 28. a3 R3f5 29. Nc3 Rf7 30. Kb1 R5f6 31. Qe1 Rf3 32. Ka2 R3f6 33. Na4 Kh7 34. Nc5 b6 35. Nb3 Bc8 36. Nc1 Ba6 37. Qc3 Bc4+ 38. b3 Bb5 39. a4 Ba6 40. Qb2 Bf1 41. Qc3 Ba6 42. Qe1 Kh8 43. Qd1 1/2-1/2

[Event "Muensterland Verbandsliga 1112"]
[Site "Germany"]
[Date "2012.03.17"]
[Round "8.6"]
[White "Wigger, Reiner"]
[Black "Bartsch, Rainer"]
[Result "1-0"]
[WhiteElo "1865"]
[BlackElo "1739"]
[PlyCount "73"]
[EventDate "2011.09.24"]
[EventType "team-tourn"]
[EventRounds "9"]
[EventCountry "GER"]
[SourceTitle "EXT 2013"]
[Source "ChessBase"]
[SourceDate "2012.11.22"]
[SourceVersion "1"]
[SourceVersionDate "2012.11.22"]
[SourceQuality "1"]
[WhiteTeam "Muenster Indische Dame"]
[BlackTeam "Saerbeck"]
[WhiteTeamCountry "GER"]
[BlackTeamCountry "GER"]

1. e4 d5 2. exd5 Nf6 3. Bb5+ Bd7 4. Bc4 b5 5. Bb3 Bg4 6. f3 Bc8 7. Qe2 a6 8. c4 bxc4 9. Qxc4 Nbd7 10. d6 Ne5 11. dxc7 Qd6 12. Qc3 Nd3+ 13. Ke2 Nf4+ 14. Kf1 Nd3 15. Na3 Nc5 16. Bc4 Qxc7 17. b4 Ne6 18. Bxe6 Qxc3 19. Bxf7+ Kxf7 20. dxc3 Bf5 21. Ne2 e5 22. Nc4 e4 23. Ng3 Be6 24. Ne5+ Ke8 25. Nxe4 Nxe4 26. fxe4 Bd6 27. Nf3 Rf8 28. Bd2 Rd8 29. Ke1 Bc4 30. a3 Be7 31. Be3 Rd3 32. Bd4 Rf4 33. e5 Re4+ 34. Kf2 Bd8 35. Rhe1 Rf4 36. Re3 Rd2+ 37. Kg3 1-0